Statistics for Draw 10 Missing Long Borders on the World Map #2

Click here to take the quiz!

General Stats

  • This quiz has been taken 59 times
  • The average score is 303 of 317

Answer Stats

L A B Bordering Countries % Correct
784AustriaGermanyAustria-Germany
96%
773BeninNigeriaBenin-Nigeria
96%
769KenyaTanzaniaKenya-Tanzania
96%
787ArmeniaAzerbaijanArmenia-Azerbaijan
96%
797CameroonCentral African RepublicCameroon-Central African Republic
96%
813BotswanaZimbabweBotswana-Zimbabwe
96%
803CambodiaThailandCambodia-Thailand
96%
797ZambiaZimbabweZambia-Zimbabwe
96%
765Democratic Republic of the CongoUgandaDemocratic Republic of the Congo-Uganda
96%
756MozambiqueTanzaniaMozambique-Tanzania
96%
740GambiaSenegalGambia-Senegal
96%
736FinlandNorwayFinland-Norway
96%
723GeorgiaRussiaGeorgia-Russia
96%
740ItalySwitzerlandItaly-Switzerland
96%
743GuyanaVenezuelaGuyana-Venezuela
96%
750BoliviaParaguayBolivia-Paraguay
96%
744JordanSaudi ArabiaJordan-Saudi Arabia
96%
744AfghanistanTurkmenistanAfghanistan-Turkmenistan
96%
813MauritaniaSenegalMauritania-Senegal
96%
814IraqSaudi ArabiaIraq-Saudi Arabia
96%
877GhanaTogoGhana-Togo
96%
870KyrgyzstanTajikistanKyrgyzstan-Tajikistan
96%
861EthiopiaKenyaEthiopia-Kenya
96%
891BelarusUkraineBelarus-Ukraine
96%
909IranPakistanIran-Pakistan
96%
922HondurasNicaraguaHonduras-Nicaragua
96%
912EritreaEthiopiaEritrea-Ethiopia
96%
909LesothoSouth AfricaLesotho-South Africa
96%
861BoliviaChileBolivia-Chile
96%
858GuineaMaliGuinea-Mali
96%
821MaliNigerMali-Niger
96%
820IndonesiaPapua New GuineaIndonesia-Papua New Guinea
96%
815Czech RepublicGermanyCzech Republic-Germany
96%
822SyriaTurkeySyria-Turkey
96%
832ArgentinaBoliviaArgentina-Bolivia
96%
858ChinaKyrgyzstanChina-Kyrgyzstan
96%
837MalawiZambiaMalawi-Zambia
96%
723EthiopiaSudanEthiopia-Sudan
96%
716Cote d'IvoireLiberiaCote d'Ivoire-Liberia
96%
579ArgentinaUruguayArgentina-Uruguay
96%
577GermanyNetherlandsGermany-Netherlands
96%
573FranceSwitzerlandFrance-Switzerland
96%
584Burkina FasoCote d'IvoireBurkina Faso-Cote d'Ivoire
96%
590ColombiaEcuadorColombia-Ecuador
96%
605BhutanIndiaBhutan-India
96%
600GuyanaSurinameGuyana-Suriname
96%
597BrazilSurinameBrazil-Suriname
96%
563GuineaLiberiaGuinea-Liberia
96%
549Burkina FasoGhanaBurkina Faso-Ghana
96%
523ChinaPakistanChina-Pakistan
96%
523CameroonRepublic of the CongoCameroon-Republic of the Congo
96%
510FranceSurinameFrance-Suriname
96%
0.15BotswanaZambiaBotswana-Zambia
96%
531RomaniaUkraineRomania-Ukraine
96%
541CambodiaLaosCambodia-Laos
96%
532Cote d'IvoireMaliCote d'Ivoire-Mali
96%
605EritreaSudanEritrea-Sudan
96%
605IraqSyriaIraq-Syria
96%
670CroatiaSloveniaCroatia-Slovenia
96%
668Cote d'IvoireGhanaCote d'Ivoire-Ghana
96%
658Czech RepublicPolandCzech Republic-Poland
96%
673BrazilFranceBrazil-France
96%
676OmanSaudi ArabiaOman-Saudi Arabia
96%
682KenyaSomaliaKenya-Somalia
96%
682Central African RepublicSouth SudanCentral African Republic-South Sudan
96%
677HungarySlovakiaHungary-Slovakia
96%
652GuineaSierra LeoneGuinea-Sierra Leone
96%
644BeninTogoBenin-Togo
96%
614FinlandSwedenFinland-Sweden
96%
610Cote d'IvoireGuineaCote d'Ivoire-Guinea
96%
608BulgariaRomaniaBulgaria-Romania
96%
620BelgiumFranceBelgium-France
96%
623FranceSpainFrance-Spain
96%
628Democratic Republic of the CongoSouth SudanDemocratic Republic of the Congo-South Sudan
96%
628Burkina FasoNigerBurkina Faso-Niger
96%
932Bosnia and HerzegovinaCroatiaBosnia and Herzegovina-Croatia
96%
933KenyaUgandaKenya-Uganda
96%
1690IndiaNepalIndia-Nepal
96%
1690CameroonNigeriaCameroon-Nigeria
96%
1643BrazilColombiaBrazil-Colombia
96%
1782IndonesiaMalaysiaIndonesia-Malaysia
96%
1800MyanmarThailandMyanmar-Thailand
96%
1930Democratic Republic of the CongoZambiaDemocratic Republic of the Congo-Zambia
96%
1903GabonRepublic of the CongoGabon-Republic of the Congo
96%
1880ArgentinaParaguayArgentina-Paraguay
96%
1621TurkmenistanUzbekistanTurkmenistan-Uzbekistan
96%
1619NorwaySwedenNorway-Sweden
96%
1561MauritaniaMoroccoMauritania-Morocco
96%
1560BrazilPeruBrazil-Peru
96%
1497NigerNigeriaNiger-Nigeria
96%
1569MalawiMozambiqueMalawi-Mozambique
96%
1576RussiaUkraineRussia-Ukraine
96%
1601AlgeriaMoroccoAlgeria-Morocco
96%
1600EthiopiaSomaliaEthiopia-Somalia
96%
1577Central African RepublicDemocratic Republic of the CongoCentral African Republic-Democratic Republic of the Congo
96%
1937South SudanSudanSouth Sudan-Sudan
96%
2050ColombiaVenezuelaColombia-Venezuela
96%
3400BoliviaBrazilBolivia-Brazil
96%
3380ChinaIndiaChina-India
96%
3141MexicoUnited StatesMexico-United States
96%
3485MongoliaRussiaMongolia-Russia
96%
3645ChinaRussiaChina-Russia
96%
6846KazakhstanRussiaKazakhstan-Russia
96%
5300ArgentinaChileArgentina-Chile
96%
4053BangladeshIndiaBangladesh-India
96%
2912IndiaPakistanIndia-Pakistan
96%
2511AngolaDemocratic Republic of the CongoAngola-Democratic Republic of the Congo
96%
2200BrazilVenezuelaBrazil-Venezuela
96%
2185ChinaMyanmarChina-Myanmar
96%
2130LaosVietnamLaos-Vietnam
96%
2203KazakhstanUzbekistanKazakhstan-Uzbekistan
96%
2237MaliMauritaniaMali-Mauritania
96%
2430AfghanistanPakistanAfghanistan-Pakistan
96%
2410Democratic Republic of the CongoRepublic of the CongoDemocratic Republic of the Congo-Republic of the Congo
96%
1496ColombiaPeruColombia-Peru
96%
1463IndiaMyanmarIndia-Myanmar
96%
1055ChadLibyaChad-Libya
96%
1051KazakhstanKyrgyzstanKazakhstan-Kyrgyzstan
96%
1000Burkina FasoMaliBurkina Faso-Mali
96%
1094CameroonChadCameroon-Chad
96%
1099KyrgyzstanUzbekistanKyrgyzstan-Uzbekistan
96%
1161TajikistanUzbekistanTajikistan-Uzbekistan
96%
1119BrazilGuyanaBrazil-Guyana
96%
1115EgyptLibyaEgypt-Libya
96%
992IranTurkmenistanIran-Turkmenistan
96%
982AlgeriaLibyaAlgeria-Libya
96%
956AlgeriaNigerAlgeria-Niger
96%
939MoldovaUkraineMoldova-Ukraine
96%
936AfghanistanIranAfghanistan-Iran
96%
959BelarusRussiaBelarus-Russia
96%
962GuatemalaMexicoGuatemala-Mexico
96%
967NamibiaSouth AfricaNamibia-South Africa
96%
965AlgeriaTunisiaAlgeria-Tunisia
96%
1197Central African RepublicChadCentral African Republic-Chad
96%
1206AfghanistanTajikistanAfghanistan-Tajikistan
96%
1376AlgeriaMaliAlgeria-Mali
96%
1360ChadSudanChad-Sudan
96%
1360BotswanaNamibiaBotswana-Namibia
96%
1376AngolaNamibiaAngola-Namibia
96%
1416ChinaNorth KoreaChina-North Korea
96%
1458Saudi ArabiaYemenSaudi Arabia-Yemen
96%
1458IranIraqIran-Iraq
96%
1420EcuadorPeruEcuador-Peru
96%
1340FinlandRussiaFinland-Russia
96%
1290BrazilParaguayBrazil-Paraguay
96%
1228CambodiaVietnamCambodia-Vietnam
96%
1224ArgentinaBrazilArgentina-Brazil
96%
1214PortugalSpainPortugal-Spain
96%
1231MozambiqueZimbabweMozambique-Zimbabwe
96%
1236ChinaNepalChina-Nepal
96%
1281ChinaVietnamChina-Vietnam
96%
1273EgyptSudanEgypt-Sudan
96%
506MalaysiaThailandMalaysia-Thailand
96%
526PolandUkrainePoland-Ukraine
96%
196NorwayRussiaNorway-Russia
96%
193BangladeshMyanmarBangladesh-Myanmar
96%
189CameroonEquatorial GuineaCameroon-Equatorial Guinea
96%
201AngolaRepublic of the CongoAngola-Republic of the Congo
96%
203El SalvadorGuatemalaEl Salvador-Guatemala
96%
215Czech RepublicSlovakiaCzech Republic-Slovakia
96%
206PolandRussiaPoland-Russia
96%
206GreeceTurkeyGreece-Turkey
96%
181IraqJordanIraq-Jordan
96%
172AlbaniaMontenegroAlbania-Montenegro
96%
159KosovoMacedoniaKosovo-Macedonia
96%
151HungarySerbiaHungary-Serbia
96%
151AlbaniaMacedoniaAlbania-Macedonia
96%
160ChilePeruChile-Peru
96%
164ArmeniaGeorgiaArmenia-Georgia
96%
169RwandaUgandaRwanda-Uganda
96%
167BelgiumGermanyBelgium-Germany
96%
164AustriaSwitzerlandAustria-Switzerland
96%
217Democratic Republic of the CongoRwandaDemocratic Republic of the Congo-Rwanda
96%
217LatviaRussiaLatvia-Russia
96%
235LaosMyanmarLaos-Myanmar
96%
233NamibiaZambiaNamibia-Zambia
96%
233BurundiDemocratic Republic of the CongoBurundi-Democratic Republic of the Congo
96%
238North KoreaSouth KoreaNorth Korea-South Korea
96%
240BulgariaTurkeyBulgaria-Turkey
96%
246GreeceMacedoniaGreece-Macedonia
96%
241CroatiaSerbiaCroatia-Serbia
96%
502BelarusLithuaniaBelarus-Lithuania
96%
232KenyaSouth SudanKenya-South Sudan
96%
232ItalySloveniaItaly-Slovenia
96%
225Bosnia and HerzegovinaMontenegroBosnia and Herzegovina-Montenegro
96%
222KuwaitSaudi ArabiaKuwait-Saudi Arabia
96%
217RwandaTanzaniaRwanda-Tanzania
96%
225ColombiaPanamaColombia-Panama
96%
225South AfricaZimbabweSouth Africa-Zimbabwe
96%
228East TimorIndonesiaEast Timor-Indonesia
96%
227LithuaniaRussiaLithuania-Russia
96%
148BulgariaMacedoniaBulgaria-Macedonia
96%
148BelgiumLuxembourgBelgium-Luxembourg
96%
56.6AndorraFranceAndorra-France
96%
41LiechtensteinSwitzerlandLiechtenstein-Switzerland
96%
39ItalySan MarinoItaly-San Marino
96%
58DjiboutiSomaliaDjibouti-Somalia
96%
60QatarSaudi ArabiaQatar-Saudi Arabia
96%
68DenmarkGermanyDenmark-Germany
96%
63.7AndorraSpainAndorra-Spain
96%
62MacedoniaSerbiaMacedonia-Serbia
96%
35AustriaLiechtensteinAustria-Liechtenstein
96%
35ArmeniaIranArmenia-Iran
96%
4.4FranceMonacoFrance-Monaco
96%
3.2ItalyVatican CityItaly-Vatican City
96%
1.2SpainUnited KingdomSpain-United Kingdom
96%
9AzerbaijanTurkeyAzerbaijan-Turkey
96%
10.2FranceNetherlandsFrance-Netherlands
96%
25CroatiaMontenegroCroatia-Montenegro
96%
19North KoreaRussiaNorth Korea-Russia
96%
17MoroccoSpainMorocco-Spain
96%
73FranceLuxembourgFrance-Luxembourg
96%
76AfghanistanChinaAfghanistan-China
96%
112AlbaniaKosovoAlbania-Kosovo
96%
109DjiboutiEritreaDjibouti-Eritrea
96%
105MozambiqueSwazilandMozambique-Swaziland
96%
124MontenegroSerbiaMontenegro-Serbia
96%
126Burkina FasoTogoBurkina Faso-Togo
96%
141BelarusLatviaBelarus-Latvia
96%
138GermanyLuxembourgGermany-Luxembourg
96%
137AfghanistanUzbekistanAfghanistan-Uzbekistan
96%
103HungaryUkraineHungary-Ukraine
96%
102HungarySloveniaHungary-Slovenia
96%
79KosovoMontenegroKosovo-Montenegro
96%
79IsraelLebanonIsrael-Lebanon
96%
76IsraelSyriaIsrael-Syria
96%
87ChadNigeriaChad-Nigeria
96%
91AustriaSlovakiaAustria-Slovakia
96%
97SlovakiaUkraineSlovakia-Ukraine
96%
91LithuaniaPolandLithuania-Poland
96%
250BelizeMexicoBelize-Mexico
96%
240IraqKuwaitIraq-Kuwait
96%
423ChinaLaosChina-Laos
96%
419MozambiqueZambiaMozambique-Zambia
96%
419MaliSenegalMali-Senegal
96%
414ChinaTajikistanChina-Tajikistan
96%
430AustriaItalyAustria-Italy
96%
430South AfricaSwazilandSouth Africa-Swaziland
96%
443HungaryRomaniaHungary-Romania
96%
435South SudanUgandaSouth Sudan-Uganda
96%
432AzerbaijanIranAzerbaijan-Iran
96%
410OmanUnited Arab EmiratesOman-United Arab Emirates
96%
407BelarusPolandBelarus-Poland
96%
375LebanonSyriaLebanon-Syria
96%
252GeorgiaTurkeyGeorgia-Turkey
96%
366AustriaHungaryAustria-Hungary
96%
379KazakhstanTurkmenistanKazakhstan-Turkmenistan
96%
381BruneiMalaysiaBrunei-Malaysia
96%
396TanzaniaUgandaTanzania-Uganda
96%
386GuineaGuinea-BissauGuinea-Guinea-Bissau
96%
383LibyaSudanLibya-Sudan
96%
444PolandSlovakiaPoland-Slovakia
96%
450BelgiumNetherlandsBelgium-Netherlands
96%
476RomaniaSerbiaRomania-Serbia
96%
475MalawiTanzaniaMalawi-Tanzania
96%
470BhutanChinaBhutan-China
96%
483Central African RepublicSudanCentral African Republic-Sudan
96%
488FranceItalyFrance-Italy
96%
499IranTurkeyIran-Turkey
96%
494BulgariaGreeceBulgaria-Greece
96%
491MozambiqueSouth AfricaMozambique-South Africa
96%
467Central African RepublicRepublic of the CongoCentral African Republic-Republic of the Congo
96%
463AlgeriaMauritaniaAlgeria-Mauritania
96%
451FranceGermanyFrance-Germany
96%
451BurundiTanzaniaBurundi-Tanzania
96%
450MoldovaRomaniaMoldova-Romania
96%
453LatviaLithuaniaLatvia-Lithuania
96%
456GermanyPolandGermany-Poland
96%
459LibyaTunisiaLibya-Tunisia
96%
459Democratic Republic of the CongoTanzaniaDemocratic Republic of the Congo-Tanzania
96%
457Saudi ArabiaUnited Arab EmiratesSaudi Arabia-United Arab Emirates
96%
362AustriaCzech RepublicAustria-Czech Republic
96%
375JordanSyriaJordan-Syria
96%
306LiberiaSierra LeoneLiberia-Sierra Leone
96%
306BeninBurkina FasoBenin-Burkina Faso
96%
302Bosnia and HerzegovinaSerbiaBosnia and Herzegovina-Serbia
96%
309Costa RicaNicaraguaCosta Rica-Nicaragua
96%
318BulgariaSerbiaBulgaria-Serbia
96%
322AzerbaijanGeorgiaAzerbaijan-Georgia
96%
360IrelandUnited KingdomIreland-United Kingdom
96%
298CameroonGabonCameroon-Gabon
96%
294EstoniaRussiaEstonia-Russia
96%
277EgyptIsraelEgypt-Israel
96%
266BeninNigerBenin-Niger
96%
268ArmeniaTurkeyArmenia-Turkey
96%
282AlbaniaGreeceAlbania-Greece
96%
284AzerbaijanRussiaAzerbaijan-Russia
96%
290BurundiRwandaBurundi-Rwanda
96%
288OmanYemenOman-Yemen
96%
266BelizeGuatemalaBelize-Guatemala
96%
329CroatiaHungaryCroatia-Hungary
96%
350Equatorial GuineaGabonEquatorial Guinea-Gabon
96%
349DjiboutiEthiopiaDjibouti-Ethiopia
96%
342El SalvadorHondurasEl Salvador-Honduras
96%
352IraqTurkeyIraq-Turkey
96%
352KosovoSerbiaKosovo-Serbia
96%
360Dominican RepublicHaitiDominican Republic-Haiti
96%
354LibyaNigerLibya-Niger
96%
339EstoniaLatviaEstonia-Latvia
96%
338TanzaniaZambiaTanzania-Zambia
96%
330GuineaSenegalGuinea-Senegal
96%
330Costa RicaPanamaCosta Rica-Panama
96%
256GuatemalaHondurasGuatemala-Honduras
96%
330AustriaSloveniaAustria-Slovenia
96%
334GermanySwitzerlandGermany-Switzerland
96%
338Guinea-BissauSenegalGuinea-Bissau-Senegal
96%
335IsraelJordanIsrael-Jordan
96%
8893CanadaUnited StatesCanada-United States
94%
900BoliviaPeruBolivia-Peru
88%
1110AngolaZambiaAngola-Zambia
87%
4677ChinaMongoliaChina-Mongolia
85%
1175ChadNigerChad-Niger
85%
883EthiopiaSouth SudanEthiopia-South Sudan
83%
1533ChinaKazakhstanChina-Kazakhstan
83%
1754LaosThailandLaos-Thailand
81%
1840BotswanaSouth AfricaBotswana-South Africa
73%
985BrazilUruguayBrazil-Uruguay
65%

Score Distribution

Percentile by Number Answered

Percent of People with Each Score

Your Score History

You have not taken this quiz